000
00206nam a22000857a 4500
008
161213b xxu||||| |||| 00| 0 eng d
100
_9
2010
_a
Doshi.M.D.
245
_a
General Knowledge-VI
260
_b
Cordava
_c
2009
999
_c
4875
_d
4875